[Event "Aragon-chT Honor GrB"]
[Site "Aragon"]
[Date "2017.02.18"]
[Round "4.27"]
[White "Palacios Herrero, Pablo"]
[Black "Gracia Suarez, Jesus"]
[Result "1-0"]
[WhiteElo "2095"]
[BlackElo "2090"]
[PlyCount "117"]
[EventDate "2017.01.28"]
[EventType "team-tourn"]
[EventRounds "7"]
[EventCountry "ESP"]
[SourceTitle "EXT 2018"]
[Source "ChessBase"]
[SourceDate "2017.10.13"]
[SourceVersion "1"]
[SourceVersionDate "2017.10.13"]
[SourceQuality "1"]
[WhiteTeam "Palacio de Pioneros"]
[BlackTeam "San Jose"]
[WhiteTeamCountry "ESP"]
[BlackTeamCountry "ESP"]

1. e4 c5 2. Nf3 Nc6 3. d4 cxd4 4. Nxd4 Nf6 5. Nc3 d6 6. Bc4 Qb6 7. Nb3 e6 8. Qe2 Be7 9. f4 Qc7 10. Bd2 a6 11. a4 0-0 12. a5 Nb4 13. Bd3 e5 14. 0-0 Bg4 15. Qe3 Be6 16. Nb5 Nxc2 17. Nxc7 Nxe3 18. Bxe3 Bxb3 19. Nxa8 Rxa8 20. fxe5 Ng4 21. Bb6 Nxe5 22. Be2 Bc2 23. Bf3 Bg5 24. Ra3 Bf6 25. Raa1 Rc8 26. Rfe1 Nc4 27. e5 Bxe5 28. Bxb7 Rb8 29. Bxa6 Nxb6 30. axb6 Bd4+ 31. Kh1 Bxb6 32. Bb7 Kf8 33. Ra8 Rxa8 34. Bxa8 Bb3 35. Bc6 Be6 36. b4 Ke7 37. g3 Kd8 38. Kg2 Kc7 39. Be4 g6 40. Rc1+ Kd7 41. Kf3 d5 42. Bd3 Kd6 43. b5 Bd7 44. Ke2 Ke5 45. Kd2 Kd4 46. Rf1 Be6 47. Kc2 Kc5 48. Kb3 Kd4 49. Rd1 Ke3 50. Bf1 Kf2 51. Kb4 Kg1 52. h3 h5 53. Bc4+ Kh2 54. Bxd5 Bxh3 55. Bxf7 Bf5 56. Bxg6 Bg4 57. Rd6 Bc7 58. Rc6 Bxg3 59. Bxh5 1-0

[Event "Aragon-chT Preferente A"]
[Site "Aragon"]
[Date "2014.02.08"]
[Round "3.33"]
[White "Soriano Ascaso, Ignacio"]
[Black "Gracia Suarez, Jesus"]
[Result "1-0"]
[WhiteElo "2134"]
[BlackElo "2115"]
[PlyCount "99"]
[EventDate "2014.01.25"]
[EventType "team-tourn"]
[EventRounds "9"]
[EventCountry "ESP"]
[SourceTitle "EXT 2015"]
[Source "ChessBase"]
[SourceDate "2014.11.20"]
[SourceVersion "1"]
[SourceVersionDate "2014.11.20"]
[SourceQuality "1"]
[WhiteTeam "Sabinanigo"]
[BlackTeam "Santa Isabel"]
[WhiteTeamCountry "ESP"]
[BlackTeamCountry "ESP"]

1. e4 c5 2. Nf3 Nc6 3. d4 cxd4 4. Nxd4 Nf6 5. Nc3 d6 6. h3 g6 7. g3 Bg7 8. Bg2 0-0 9. Nde2 Bd7 10. 0-0 Rc8 11. a4 a6 12. Nd5 Ne5 13. Ra2 Bc6 14. b3 e6 15. Nxf6+ Bxf6 16. Ba3 Be7 17. f4 Qb6+ 18. Qd4 Nd7 19. Qxb6 Nxb6 20. Rd1 Rcd8 21. c4 Nc8 22. Rad2 b6 23. Nd4 Ba8 24. Nc2 Rfe8 25. Bb4 Rd7 26. e5 Bxg2 27. Kxg2 Red8 28. a5 d5 29. axb6 Nxb6 30. c5 Na8 31. Ba5 Rc8 32. b4 Bd8 33. Ra1 Bxa5 34. Rxa5 Nc7 35. g4 Rb8 36. Rd3 Rb5 37. Rxb5 Nxb5 38. Kf3 Rc7 39. Na3 Nxa3 40. Rxa3 Rb7 41. Ra4 Rb5 42. Ke3 Kf8 43. Kd4 Ke7 44. Kc3 a5 45. Rxa5 Rxa5 46. bxa5 Kd7 47. a6 Kc7 48. g5 Kc6 49. Kb4 Kc7 50. Kb5 1-0

[Event "Aragon-ch"]
[Site "Aragon"]
[Date "2008.08.30"]
[Round "8"]
[White "Valiente Roy, Jose Javier"]
[Black "Gracia Suarez, Jesus"]
[Result "0-1"]
[WhiteElo "2132"]
[BlackElo "2063"]
[PlyCount "90"]
[EventDate "2008.08.23"]
[EventType "swiss"]
[EventRounds "9"]
[EventCountry "ESP"]
[SourceTitle "EXT 2011"]
[Source "ChessBase"]
[SourceDate "2010.11.26"]
[SourceVersion "1"]
[SourceVersionDate "2010.11.26"]
[SourceQuality "1"]

1. d4 Nf6 2. c4 c5 3. d5 e5 4. Nc3 d6 5. e4 Be7 6. h3 Nbd7 7. Nf3 Nf8 8. Bd3 Ng6 9. g4 h6 10. Be3 Nh7 11. Qe2 Ng5 12. Nd2 Bd7 13. 0-0-0 a6 14. h4 Nh7 15. h5 Nf4 16. Bxf4 exf4 17. e5 0-0 18. e6 fxe6 19. dxe6 Bc6 20. Bxh7+ Kxh7 21. Qd3+ Kh8 22. Rhe1 b5 23. Nde4 bxc4 24. Qxc4 Qb6 25. Nd5 Bxd5 26. Rxd5 Rab8 27. Re2 f3 28. Rc2 Rf4 29. Qd3 c4 30. Qxc4 Rxg4 31. Qd3 Rg1+ 32. Kd2 Qb4+ 33. Rc3 Qxb2+ 34. Qc2 Qa1 35. Rc8+ Rxc8 36. Qxc8+ Kh7 37. Qc7 Qe1+ 38. Kd3 Rg4 39. Ng3 Qxe6 40. Kd2 Kh8 41. Rd3 Bg5+ 42. Kd1 Rc4 43. Rc3 Qd5+ 44. Ke1 Qe5+ 45. Ne2 Rxc3 0-1

[Event "Aragon-chT Autonomico"]
[Site "Aragon"]
[Date "2007.02.10"]
[Round "3"]
[White "Gracia Suarez, Jesus"]
[Black "Peris Laorden, Gerardo"]
[Result "1-0"]
[WhiteElo "2129"]
[BlackElo "1899"]
[PlyCount "68"]
[EventDate "2007.01.27"]
[EventType "team"]
[EventRounds "9"]
[EventCountry "ESP"]
[SourceTitle "EXT 2008"]
[Source "ChessBase"]
[SourceDate "2007.11.25"]
[SourceVersion "1"]
[SourceVersionDate "2007.11.25"]
[SourceQuality "1"]
[WhiteTeam "Aragon UGT"]
[BlackTeam "Pena Santa Isabel"]
[WhiteTeamCountry "ESP"]
[BlackTeamCountry "ESP"]

1. e4 e6 2. d3 d5 3. Nd2 c5 4. Ngf3 Nc6 5. g3 Nf6 6. Bg2 Be7 7. 0-0 0-0 8. Re1 b6 9. e5 Nd7 10. Nf1 Bb7 11. h4 Re8 12. N1h2 f6 13. exf6 Bxf6 14. Ng4 e5 15. Ng5 Nf8 16. c4 Nd4 17. cxd5 Bxd5 18. Ne4 Bxe4 19. Bxe4 Rc8 20. Bd2 a5 21. Rc1 Rc7 22. Ne3 Kh8 23. Qh5 g6 24. Qg4 Bg7 25. Kg2 Rf7 26. h5 gxh5 27. Qxh5 Qf6 28. Ng4 Qe6 29. Rh1 Nf5 30. Bc3 Qg6 31. Rce1 Qxh5 32. Rxh5 Nd4 33. Reh1 Bf6 34. Bd5 Nde6 1-0

[Event "Autonomico-ch"]
[Site "Aragon"]
[Date "2005.??.??"]
[Round "1"]
[White "Roche Simon, Manuel Angel"]
[Black "Gracia Suarez, Jesus"]
[Result "1/2-1/2"]
[WhiteElo "2208"]
[BlackElo "2088"]
[PlyCount "130"]
[EventDate "2005.??.??"]
[EventType "swiss"]
[EventRounds "9"]
[EventCountry "ESP"]
[SourceTitle "EXT 2009"]
[Source "ChessBase"]
[SourceDate "2008.11.26"]
[SourceVersion "1"]
[SourceVersionDate "2008.11.26"]
[SourceQuality "1"]

1. e4 d5 2. exd5 Qxd5 3. Nc3 Qd6 4. d4 Nf6 5. Bc4 a6 6. Bb3 e6 7. Nge2 Nc6 8. 0-0 Be7 9. Bf4 Qd8 10. d5 exd5 11. Nxd5 Nxd5 12. Qxd5 Qxd5 13. Bxd5 Nb4 14. Bb3 c6 15. Rad1 a5 16. a4 0-0 17. Rfe1 Bg4 18. h3 Bh5 19. Rd7 Bf6 20. c3 Na6 21. Be3 h6 22. Nf4 Bg5 23. Rxb7 Bxf4 24. Bxf4 Nc5 25. Rb6 Nd3 26. Re4 Bg6 27. Rc4 Nxf4 28. Rxf4 Rab8 29. Rxb8 Rxb8 30. Bd1 Rxb2 31. Bf3 Rb1+ 32. Kh2 c5 33. Rc4 Ra1 34. Bc6 Ra2 35. Rxc5 Rxf2 36. Rxa5 Bd3 37. Rd5 Ba6 38. Rd8+ Kh7 39. Rd7 f5 40. Bb5 Bc8 41. Re7 Rc2 42. c4 Kg6 43. Kg3 Kf6 44. Rc7 Be6 45. a5 g5 46. a6 Bd5 47. cxd5 Rxc7 48. Bc6 Ra7 49. Bb7 Ke5 50. Kf3 Kd6 51. Ke3 Ke5 52. Kd3 h5 53. Kc4 g4 54. Kc5 f4 55. hxg4 hxg4 56. d6 f3 57. gxf3 g3 58. f4+ Kxf4 59. Kb6 g2 60. Bxg2 Ke5 61. d7 Rxd7 62. Bb7 Rd1 63. a7 Rb1+ 64. Kc5 Ra1 65. a8Q Rxa8 1/2-1/2

[Event "Autonomico-ch"]
[Site "Aragon"]
[Date "2005.??.??"]
[Round "5"]
[White "Solanas Godes, Beatriz"]
[Black "Gracia Suarez, Jesus"]
[Result "0-1"]
[WhiteElo "1997"]
[BlackElo "2088"]
[PlyCount "124"]
[EventDate "2005.??.??"]
[EventType "swiss"]
[EventRounds "9"]
[EventCountry "ESP"]
[SourceTitle "EXT 2009"]
[Source "ChessBase"]
[SourceDate "2008.11.26"]
[SourceVersion "1"]
[SourceVersionDate "2008.11.26"]
[SourceQuality "1"]

1. e4 c5 2. Nf3 d6 3. d4 cxd4 4. Nxd4 Nf6 5. Nc3 a6 6. h3 g6 7. Be3 Bg7 8. Qd2 b5 9. a3 Bb7 10. Bd3 Nbd7 11. f3 Rc8 12. h4 Ne5 13. Nde2 h5 14. 0-0-0 0-0 15. Rhg1 Qc7 16. Nf4 e6 17. Be2 Rfd8 18. Bd4 Kh7 19. Nh3 d5 20. Ng5+ Kg8 21. Qe3 dxe4 22. Ngxe4 Bxe4 23. fxe4 Neg4 24. Qf3 Bh6+ 25. Kb1 e5 26. Bf2 Rxd1+ 27. Rxd1 Nxf2 28. Qxf2 Nxe4 29. Nxe4 Qxc2+ 30. Ka1 Qxe4 31. Bf3 Qf4 32. Qe2 Rc1+ 33. Rxc1 Qxc1+ 34. Ka2 Be3 35. Bb7 Bd4 36. Bxa6 b4 37. axb4 Kg7 38. Bc4 f5 39. b5 e4 40. Kb3 Qf4 41. Qe1 Qe5 42. Qd2 f4 43. Be2 Qf6 44. Bf1 f3 45. gxf3 exf3 46. Qh2 f2 47. Qc7+ Qf7+ 48. Qxf7+ Kxf7 49. Kc4 Bf6 50. b3 Bxh4 51. Kd3 Bd8 52. Ke4 Kf6 53. Kf4 g5+ 54. Kg3 Bb6 55. Kf3 Ke5 56. Be2 g4+ 57. Kg3 Ke4 58. Bf1 Ke3 59. Bc4 Kd2 60. Kh4 Ke1 61. Kxh5 g3 62. Kh4 g2 0-1

[Event "Aragon-ch Absoluto"]
[Site "Zaragoza"]
[Date "2001.??.??"]
[Round "6"]
[White "Fabre Perez, Jose Maria"]
[Black "Gracia Suarez, Jesus"]
[Result "0-1"]
[WhiteElo "2151"]
[BlackElo "2171"]
[PlyCount "57"]
[EventDate "2001.10.20"]
[EventType "swiss"]
[EventRounds "9"]
[EventCountry "ESP"]
[SourceTitle "EXT 2003"]
[Source "ChessBase"]
[SourceDate "2002.11.25"]
[SourceVersion "1"]
[SourceVersionDate "2002.11.25"]
[SourceQuality "1"]

1. e4 c5 2. c3 e5 3. Nf3 Nc6 4. Bc4 Qc7 5. 0-0 d6 6. d4 cxd4 7. Ng5 Nd8 8. Bb3 h6 9. Nf3 Bg4 10. cxd4 exd4 11. h3 Bxf3 12. Qxf3 Be7 13. Na3 Nf6 14. Qg3 Ne6 15. Bxe6 fxe6 16. Qg6+ Kf8 17. Bf4 e5 18. Bd2 Qc6 19. f4 Kg8 20. Rac1 Qxe4 21. Qg3 Kh7 22. Rc7 Nd5 23. Re1 Qf5 24. Rxb7 e4 25. Nc4 e3 26. Bxe3 dxe3 27. Nxe3 Qd3 28. f5 Bg5 29. Rxg7+ 0-1

[Event "Aragon-ch Absoluto"]
[Site "Zaragoza"]
[Date "2001.??.??"]
[Round "7"]
[White "Gracia Suarez, Jesus"]
[Black "Llanes Luno, Ricardo"]
[Result "0-1"]
[WhiteElo "2171"]
[BlackElo "2119"]
[PlyCount "86"]
[EventDate "2001.10.20"]
[EventType "swiss"]
[EventRounds "9"]
[EventCountry "ESP"]
[SourceTitle "EXT 2003"]
[Source "ChessBase"]
[SourceDate "2002.11.25"]
[SourceVersion "1"]
[SourceVersionDate "2002.11.25"]
[SourceQuality "1"]

1. e4 e5 2. Nf3 Nf6 3. Nxe5 d6 4. Nf3 Nxe4 5. Qe2 Qe7 6. d3 Nf6 7. Bg5 Be6 8. Nc3 h6 9. Bh4 g5 10. Bg3 Nc6 11. h3 0-0-0 12. 0-0-0 Bg7 13. d4 Rde8 14. Qb5 a6 15. Qa4 Nd5 16. Bxa6 Nxc3 17. Qxc6 Nxa2+ 18. Kb1 bxa6 19. d5 Nb4 20. Qa8+ Kd7 21. dxe6+ Qxe6 22. Rxd6+ Qxd6 23. Qa7 Qb6 24. Rd1+ Ke6 25. Rd6+ Qxd6 26. Bxd6 Kxd6 27. c3 Nc6 28. Qxa6 Re6 29. Nd2 Rb8 30. f4 gxf4 31. Qc4 Ke7 32. Kc2 Be5 33. Ne4 Rg8 34. Nc5 Rxg2+ 35. Kb1 Rd6 36. Qe4 Rdd2 37. Qxc6 Rxb2+ 38. Kc1 Rbe2 39. Kd1 Rd2+ 40. Kc1 Rc2+ 41. Kd1 Rgd2+ 42. Ke1 Bxc3 43. Qxc7+ Rd7+ 0-1

[Event "San Jose op"]
[Site "San Jose"]
[Date "1998.??.??"]
[Round "3"]
[White "Gracia Suarez, Jesus"]
[Black "Garza Marco, Sergio"]
[Result "0-1"]
[WhiteElo "2185"]
[BlackElo "2340"]
[PlyCount "86"]
[EventDate "1998.??.??"]
[EventType "swiss"]
[EventRounds "9"]
[EventCountry "ESP"]
[SourceTitle "EXT 2000"]
[Source "ChessBase"]
[SourceDate "1999.11.16"]
[SourceVersion "1"]
[SourceVersionDate "1999.11.16"]
[SourceQuality "1"]

1. e4 d6 2. Nc3 g6 3. Nge2 Bg7 4. g3 c5 5. d4 cxd4 6. Nxd4 Nf6 7. Bg2 0-0 8. Nde2 Nc6 9. b3 Bg4 10. Bb2 Ne5 11. f4 Ned7 12. h3 Bxe2 13. Qxe2 Rc8 14. 0-0 Nh5 15. Rf3 Qa5 16. Qe3 Qc5 17. Rd1 b5 18. Rd2 b4 19. Na4 Qxe3+ 20. Rxe3 Bxb2 21. Nxb2 Rc3 22. Nd1 Rxe3 23. Nxe3 Nb6 24. Kf2 Rc8 25. Rd4 a5 26. Bf1 Nf6 27. Kf3 Rc3 28. Bd3 Kf8 29. Nc4 Nxc4 30. Rxc4 Rxc4 31. Bxc4 e5 32. Ke3 Nh5 33. Kf3 Ke7 34. Bd5 Nf6 35. Bc4 Nd7 36. Ke3 Nb6 37. Bd5 Nxd5+ 38. exd5 f5 39. c4 bxc3 40. Kd3 Kd7 41. fxe5 dxe5 42. Kxc3 Kd6 43. Kc4 g5 0-1

[Event "San Jose op"]
[Site "San Jose"]
[Date "1998.??.??"]
[Round "2"]
[White "Peirona, Juan Jose"]
[Black "Gracia Suarez, Jesus"]
[Result "0-1"]
[WhiteElo "2015"]
[BlackElo "2185"]
[PlyCount "106"]
[EventDate "1998.??.??"]
[EventType "swiss"]
[EventRounds "9"]
[EventCountry "ESP"]
[SourceTitle "EXT 2000"]
[Source "ChessBase"]
[SourceDate "1999.11.16"]
[SourceVersion "1"]
[SourceVersionDate "1999.11.16"]
[SourceQuality "1"]

1. e4 c5 2. Nc3 Nc6 3. d3 g6 4. g3 Bg7 5. Bg2 d6 6. f4 f5 7. Nf3 Nf6 8. Bd2 0-0 9. 0-0 Kh8 10. Be1 Be6 11. Ng5 Bg8 12. exf5 gxf5 13. Bf2 Nd4 14. Ne2 Ng4 15. c3 Nc6 16. d4 cxd4 17. Nxd4 Nxd4 18. cxd4 Qb6 19. Nf3 Bd5 20. Ng5 Bc4 21. d5 Qxb2 22. Rb1 Qf6 23. Ne6 Nxf2 24. Rxf2 b5 25. Nxf8 Rxf8 26. Bf1 Qd4 27. Bxc4 bxc4 28. Kg2 Qe4+ 29. Rf3 Rc8 30. Qe1 c3 31. Qxe4 fxe4 32. Rf2 Bd4 33. Rc2 Rc5 34. Rb7 Bf6 35. Rxa7 Rxd5 36. Kf1 Rd1+ 37. Ke2 Rh1 38. Ra8+ Kg7 39. Ke3 Re1+ 40. Kf2 Rb1 41. Ke3 d5 42. Ra5 Re1+ 43. Kf2 Rd1 44. Ke2 Rd3 45. Rc5 d4 46. a4 Rf3 47. Ke1 d3 48. R2xc3 Bxc3+ 49. Rxc3 Re3+ 50. Kd1 Re2 51. a5 Ra2 52. Rc4 e3 53. Re4 Ra1# 0-1